| 000 | 00614nam a2200193 i 4500 | ||
|---|---|---|---|
| 001 | 80494 | ||
| 003 | ES-MaACL | ||
| 005 | 20240223063028.0 | ||
| 007 | t| | ||
| 008 | 041028s1940 gw ||||1| ger d | ||
| 100 | 1 |
_aHitler, Adolf, _d1889-1945 _963836 |
|
| 245 | 1 | 0 |
_aMein Kampf / _cvon Adolf Hitler. |
| 250 | _aUngekürzte Ausg. | ||
| 260 |
_aMünchen : _bFranz Eher Nachf, _c1940. |
||
| 300 |
_a2 v. en 1 t. ; _c19 cm. |
||
| 505 | 8 | _aContiene: Erster Band: Eine Abrechnung. -- Zweite Band: Die nationalsozialitische Bewegung | |
| 852 |
_aES-MaACL _jB-9470 _bR.19098 |
||
| 999 |
_c80494 _d80494 |
||